A szegedi kenyér

Elmentve itt :
Bibliográfiai részletek
Dokumentumtípus: Cikk
Megjelent: 1915-04-10
Sorozat:Délmagyarország 4 No. 85
Kulcsszavak:Kenyérjegy Szeged 1915, Szeged
Online Access:http://dmarchiv.bibl.u-szeged.hu/57189
LEADER 00402nab a2200145 i 4500
001 delm57189
005 20180927144638.0
008 180927s1915 hu o 0|| hun d
040 |a SZTE Délmagyarország Archívum  |b hun 
041 |a hun 
245 0 2 |a A szegedi kenyér  |h [elektronikus dokumentum] 
260 |c 1915-04-10 
300 |a 4 
490 0 |a Délmagyarország  |v 4 No. 85 
695 |a Kenyérjegy Szeged 1915, Szeged